Construction cost appraisal: D.C.F. Techniques in the construction industry (Record no. 95460)

MARC details
000 -LEADER
fixed length control field 00461cam a2200181 4500
001 - CONTROL NUMBER
control field D3131
008 - FIXED-LENGTH DATA ELEMENTS--GENERAL INFORMATION
fixed length control field 090401t1974 xxu||||| |||| 00| 0 eng d
035 ## - SYSTEM CONTROL NUMBER
System control number (Sirsi) u71931
041 ## - LANGUAGE CODE
Language code of text/sound track or separate title eng
050 ## - LIBRARY OF CONGRESS CALL NUMBER
Classification number 657.869
100 ## - MAIN ENTRY--PERSONAL NAME
Personal name Dent, Colin
245 ## - TITLE STATEMENT
Title Construction cost appraisal: D.C.F. Techniques in the construction industry
260 ## - PUBLICATION, DISTRIBUTION, ETC.
Place of publication, distribution, etc. London
Name of publisher, distributor, etc. George Godwin
Date of publication, distribution, etc. 1974
300 ## - PHYSICAL DESCRIPTION
Extent viii. 174p. 24cm
350 ## - PRICE (NR) (BK AM CF MU VM SE) [OBSOLETE]
Price 5
942 ## - ADDED ENTRY ELEMENTS (KOHA)
Suppress in OPAC 0
948 ## - LOCAL PROCESSING INFORMATION (OCLC); SERIES PART DESIGNATOR (RLIN)
c (OCLC) 04/03/1997
Holdings
Withdrawn status Lost status Source of classification or shelving scheme Damaged status Not for loan Home library Current library Shelving location Date acquired Cost, normal purchase price Total Checkouts Full call number Barcode Date last seen Copy number Cost, replacement price Price effective from Koha item type
    Dewey Decimal Classification     London London Basement 14/09/1999 5.00   SHELF 115 30019585 06/08/2019 1 5.00 06/08/2019 Book